00583nam a2200181Ia 4500008004100000041000800041082001500049100002200064245005000086260003100136300000900167365000800176500001500184700002200199906002400221999001900245952013700264230612s9999 xx 000 0 und d aeng a621.87 MUR aMurray O.9136612 aDmiralty Handbook Of Wireless Telegraphy 1931 c1931bJohnson And Phillips a1012 cRs. aW. 2003-04 aMurray O.9136612 dB:16-Mar-2008cETC  c164596d164596 01104070aCCEPbCCEPd1991-11-12eMasurkar EnterprisesfETC o621.87 MURpCCEP-BK-313r2023-06-12 00:00:00w2008-03-16yBKz000313